Ч. 2: Неорганическая химия; Общая и неорганическая химия

Detalles Bibliográficos
Parent link:Общая и неорганическая химия: учебное пособие/ Н. Ф. Стась; Томский государственный университет (ТГУ), Институт дистанционного образования (ИДО). Ч. 2: Неорганическая химия.— , 2003
Summary:Учебное пособие содержит сведения о составе, строении, свойствах, получении и применении простых веществ и соединений, образуемых наиболее важными химическими элементами; является частью комплексного методического обеспечения, разработанного на кафедре общей и неорганической химии Томского политехнического университета. Пособие предназначено для студентов химических специальностей 330200, 170500, 250100, 250400, 250800, 320700 Института дистанционного образования ТПУ.
Idioma:ruso
Publicado: 2003
Subjects:
Formato: MixedMaterials Libro
KOHA link:https://koha.lib.tpu.ru/cgi-bin/koha/opac-detail.pl?biblionumber=159465

MARC

LEADER 00000nam2a2200000 4500
001 159465
005 20231101222119.0
035 |a (RuTPU)RU\TPU\book\172970 
090 |a 159465 
100 |a 20090512d2003 m y0rusy50 ca 
101 0 |a rus 
102 |a RU 
105 |a a j 001zy 
200 0 |a Ч. 2: Неорганическая химия 
210 |d 2003 
215 |a 160 с.  |c ил. 
320 |a Библиогр.: с. 157. 
330 |a Учебное пособие содержит сведения о составе, строении, свойствах, получении и применении простых веществ и соединений, образуемых наиболее важными химическими элементами; является частью комплексного методического обеспечения, разработанного на кафедре общей и неорганической химии Томского политехнического университета. Пособие предназначено для студентов химических специальностей 330200, 170500, 250100, 250400, 250800, 320700 Института дистанционного образования ТПУ. 
461 1 |0 (RuTPU)RU\TPU\book\174006  |t Общая и неорганическая химия  |o учебное пособие  |f Н. Ф. Стась  |g Томский государственный университет (ТГУ), Институт дистанционного образования (ИДО)  |v Ч. 2: Неорганическая химия  |d 2003 
606 1 |a Химия  |2 stltpush  |3 (RuTPU)RU\TPU\subj\17362  |9 43035 
606 1 |a Неорганическая химия  |2 stltpush  |3 (RuTPU)RU\TPU\subj\67586  |9 83311 
610 1 |a учебные пособия 
610 1 |a водород 
610 1 |a галогены 
610 1 |a халькогены 
610 1 |a переходные элементы 
610 1 |a благородные газы 
610 1 |a неорганические соединения 
610 1 |a труды учёных ТПУ 
675 |a 54(075.8)  |v 3 
675 |a 546(075.8)  |v 3 
801 1 |a RU  |b 63413507  |c 20090512  |g PSBO 
801 2 |a RU  |b 63413507  |c 20130403  |g PSBO 
900 |a Общая и неорганическая химия 
942 |c BK